000 00688nam a2200289Ia 4500
005 20260324123103.0
008 008 260324s9999 xx 000 0 eng d
020 _a9781315170817
037 _aEBOOK
040 _aCRL
040 _beng
040 _cCRL
041 _2eng
041 _aeng
084 _qCRL
100 _aDanny Walsh
_91161568
245 0 _aActivity & Reminiscence Handbook
245 0 _bHundreds of Ideas in 52 Weekly Sessions
260 _bTaylor and Francis
260 _c2012
365 _a
365 _b235
856 _uhttp://www.taylorfrancis.com/books/9781315170817
942 _cEBOOK
999 _c1762188
_d1762188